000 00595cam a22002053a 4500
001 45962
003 PGUSA
005 20140828084055.0
008 140614s2014||||xxu|||||s|||||000 | eng d
040 _aPGUSA
_beng
042 _adc
100 1 _aLoeb, Jacques
245 1 4 _aThe Organism as a Whole :
_bFrom a Physicochemical Viewpoint
_h[electronic resource] /
_cJacques Loeb
260 _bProject Gutenberg,
_c2014
506 _aPublic domain in the USA.
516 _aElectronic text
830 0 _aProject Gutenberg
_v45962
856 4 0 _uhttp://www.gutenberg.org/ebooks/45962
942 _cEB
999 _c275211
_d275211